Sports Quiz

Random Sports or Baseball Quiz

MLB All-Time International Teams Quiz Stats

 Plays Quiz not verified by Sporcle

Score 0/286 Timer 20:00
0 Plays Today
Team Player % Correct
Seattle MarinersNone
100%
Tampa Bay RaysNone
100%
Boston Red SoxVictor Martinez
83%
Boston Red SoxPedro Martinez
83%
Cleveland IndiansVictor Martinez
83%
Detroit TigersVictor Martinez
83%
San Diego PadresCarmelo Martinez
83%
Colorado RockiesCarlos Gonzalez
82.5%
Philadelphia PhilliesTony Gonzalez
82.5%
Texas RangersJuan Gonzalez
82.5%
Houston AstrosMarwin Gonzalez
82.2%
Detroit TigersIvan Rodriguez
81.7%
Houston AstrosWandy Rodriguez
81.7%
Los Angeles Angels of AnaheimFrancisco Rodriguez
81.7%
Miami MarlinsIvan Rodriguez
81.7%
Milwaukee BrewersEllie Rodriguez
81.7%
Texas RangersIvan Rodriguez
81.7%
Washington NationalsDennis Martinez
81.7%
Los Angeles DodgersRussell Martin
81.4%
Texas RangersJuan Gonzalez
81.4%
Toronto Blue JaysRussell Martin
81.4%
Boston Red SoxManny Ramirez
77.6%
Chicago CubsAramis Ramirez
77.6%
Cleveland IndiansManny Ramirez
77.6%
Milwaukee BrewersAramis Ramirez
77.6%
Seattle MarinersIchiro Suzuki
77.6%
Miami MarlinsHanley Ramirez
77.1%
Baltimore OriolesRamon Hernandez
76%
Oakland AthleticsRamon Hernandez
76%
Seattle MarinersFelix Hernandez
76%
Boston Red SoxDavid Ortiz
71.4%
Chicago CubsNeifi Perez
70.6%
Cincinnati RedsTony Perez
70.6%
Kansas City RoyalsSalvador Perez
70.6%
Atlanta BravesAndruw Jones
70.4%
Detroit TigersMiguel Cabrera
69.6%
Detroit TigersMiguel Cabrera
69.6%
Kansas City RoyalsMelky Cabrera
69.6%
San Diego PadresEverth Cabrera
69.6%
Washington NationalsOrlando Cabrera
69.6%
Atlanta BravesJavy Lopez
66.8%
Los Angeles Angels of AnaheimBengie Molina
66.8%
St. Louis CardinalsYadier Molina
66.8%
Milwaukee BrewersFelipe Lopez
66.5%
Colorado RockiesKazuo Matsui
66.2%
New York YankeesHideki Matsui
66.2%
Toronto Blue JaysTony Fernandez
63.7%
New York YankeesRobinson Cano
63.4%
Seattle MarinersRobinson Cano
63.4%
Baltimore OriolesRoberto Alomar
61.9%
Los Angeles Angels of AnaheimSandy Alomar
61.9%
San Diego PadresRoberto Alomar
61.9%
Toronto Blue JaysRoberto Alomar
61.9%
Colorado RockiesLarry Walker
61.6%
Washington NationalsLarry Walker
61.6%
Pittsburgh PiratesRoberto Clemente
61.1%
New York YankeesJorge Posada
60.8%
Chicago CubsCarlos Pena
60.6%
Houston AstrosCarlos Pena
60.6%
Kansas City RoyalsCarlos Beltran
60.6%
New York MetsCarlos Beltran
60.6%
St. Louis CardinalsCarlos Beltran
60.6%
Tampa Bay RaysCarlos Pena
60.6%
Miami MarlinsCarlos Delgado
59.5%
New York MetsCarlos Delgado
59.5%
Toronto Blue JaysCarlos Delgado
59.5%
Chicago White SoxJose Abreu
58.5%
Los Angeles DodgersAdrian Beltre
58.5%
Philadelphia PhilliesBobby Abreu
58.5%
Seattle MarinersAdrian Beltre
58.5%
Texas RangersAdrian Beltre
58.5%
Los Angeles DodgersFernando Valenzuela
57.7%
Colorado RockiesAndres Galarraga
57%
Los Angeles Angels of AnaheimVladimir Guerrero
57%
Los Angeles DodgersPedro Guerrero
57%
Washington NationalsAndres Galarraga
57%
Washington NationalsVladimir Guerrero
57%
New York YankeesBernie Williams
56.7%
St. Louis CardinalsAlbert Pujols
56.7%
St. Louis CardinalsAlbert Pujols
56.7%
Chicago White SoxCarlos Lee
55.9%
Baltimore OriolesRafael Palmeiro
55.7%
Texas RangersRafael Palmeiro
55.7%
Houston AstrosJose Cruz
54.4%
Tampa Bay RaysJose Cruz
54.4%
Baltimore OriolesNelson Cruz
54.1%
Seattle MarinersNelson Cruz
54.1%
Texas RangersNelson Cruz
54.1%
Atlanta BravesFelipe Alou
52.8%
Atlanta BravesFelipe Alou
52.8%
New York YankeesFelipe Alou
52.8%
Pittsburgh PiratesMatty Alou
52.8%
San Francisco GiantsFelipe Alou
52.8%
Minnesota TwinsJustin Morneau
52.3%
Colorado RockiesVinny Castilla
51.5%
Cincinnati RedsJoey Votto
51.3%
Team Player % Correct
Chicago CubsSammy Sosa
51%
Cleveland IndiansOmar Vizquel
50.8%
Los Angeles Angels of AnaheimJuan Rivera
50.8%
New York YankeesMariano Rivera
50.8%
Seattle MarinersOmar Vizquel
50.8%
Kansas City RoyalsChili Davis
49.5%
Los Angeles Angels of AnaheimChili Davis
49.5%
Minnesota TwinsChili Davis
49.5%
Cincinnati RedsShin-Soo Choo
49%
Cleveland IndiansShin-Soo Choo
49%
Baltimore OriolesMiguel Tejada
47.7%
Chicago White SoxMagglio Ordonez
47.4%
Detroit TigersMagglio Ordonez
47.4%
Toronto Blue JaysJose Bautista
47.4%
Toronto Blue JaysGeorge Bell
47.4%
Washington NationalsAlfonso Soriano
47.4%
Los Angeles Angels of AnaheimRod Carew
47.2%
Minnesota TwinsRod Carew
47.2%
New York MetsJose Reyes
46.1%
Miami MarlinsLuis Castillo
45.9%
San Francisco GiantsOrlando Cepeda
45.9%
New York MetsJohan Santana
45.6%
Cincinnati RedsJose Guillen
45.1%
Detroit TigersCarlos Guillen
45.1%
Tampa Bay RaysJose Guillen
45.1%
Kansas City RoyalsRey Sanchez
44.3%
Miami MarlinsAnibal Sanchez
44.3%
Milwaukee BrewersCarlos Gomez
43.8%
Arizona DiamondbacksMiguel Montero
43.6%
Los Angeles DodgersYasiel Puig
43%
San Diego PadresBenito Santiago
42.8%
San Francisco GiantsBenito Santiago
42.8%
Pittsburgh PiratesPop Smith
42.5%
St. Louis CardinalsEdgar Renteria
42.3%
Chicago White SoxLuis Aparicio
41.5%
Philadelphia PhilliesCarlos Ruiz
41.5%
Detroit TigersJuan Encarnacion
40.7%
Toronto Blue JaysEdwin Encarnacion
40.7%
Cincinnati RedsDave Concepcion
40.5%
Oakland AthleticsJose Canseco
40.5%
Tampa Bay RaysJose Canseco
40.5%
San Francisco GiantsJuan Marichal
40.2%
Boston Red SoxJason Bay
39.9%
Minnesota TwinsBert Blyleven
39.9%
Chicago CubsStarlin Castro
39.7%
Chicago CubsFergie Jenkins
39.4%
Texas RangersFergie Jenkins
39.4%
Kansas City RoyalsJoakim Soria
37.6%
Baltimore OriolesMelvin Mora
37.4%
Chicago CubsGeovany Soto
36.3%
Detroit TigersPlacido Polanco
36.1%
St. Louis CardinalsPlacido Polanco
36.1%
Houston AstrosJose Altuve
35.3%
Los Angeles Angels of AnaheimDevon White
35.3%
Miami MarlinsDevon White
35.3%
Toronto Blue JaysDevon White
35.3%
Minnesota TwinsTony Oliva
34.5%
Cleveland IndiansLuis Tiant
33%
Cincinnati RedsD'Angelo Jimenez
32.5%
Colorado RockiesUbaldo Jimenez
32.5%
Chicago White SoxJulio Franco
32.2%
Texas RangersJulio Franco
32.2%
Atlanta BravesRafael Furcal
31.7%
Los Angeles DodgersRafael Furcal
31.7%
Houston AstrosCesar Cedeno
31.2%
Arizona DiamondbacksTony Batista
29.9%
Arizona DiamondbacksMiguel Batista
29.9%
Chicago White SoxMinnie Minoso
29.6%
Toronto Blue JaysJuan Guzman
29.4%
Washington NationalsYunel Escobar
28.6%
Washington NationalsWilson Ramos
28.1%
Cleveland IndiansCarlos Baerga
27.8%
Washington NationalsJose Vidro
27.8%
San Francisco GiantsPablo Sandoval
27.1%
Oakland AthleticsBert Campaneris
26.3%
Texas RangersRuben Sierra
26%
Boston Red SoxXander Bogaerts
25.8%
Seattle MarinersKenji Johjima
25.8%
Texas RangersElvis Andrus
25.5%
New York MetsEdgardo Alfonzo
25.3%
New York MetsEdgardo Alfonzo
25.3%
Boston Red SoxMike Lowell
24.2%
Miami MarlinsMike Lowell
24.2%
Houston AstrosCarlos Correa
24%
Los Angeles DodgersRaul Mondesi
23.2%
Pittsburgh PiratesManny Sanguillen
23.2%
Pittsburgh PiratesJung Ho Kang
22.2%
Los Angeles Angels of AnaheimErick Aybar
21.9%
Milwaukee BrewersTeddy Higuera
21.9%
Arizona DiamondbacksDavid Peralta
20.9%
New York YankeesDidi Gregorius
20.9%
Tampa Bay RaysDioner Navarro
20.9%
Colorado RockiesJuan Uribe
20.4%
San Francisco GiantsJose Uribe
20.4%
Cleveland IndiansBobby Avila
18.3%
Tampa Bay RaysAkinori Iwamura
18%
Team Player % Correct
Tampa Bay RaysAkinori Iwamura
18%
Minnesota TwinsCorey Koskie
17.5%
Minnesota TwinsZoilo Versalles
17.5%
Chicago CubsAdolfo Phillips
17.3%
Los Angeles DodgersBill Phillips
17.3%
Seattle MarinersFranklin Gutierrez
17.3%
Arizona DiamondbacksGerardo Parra
16.2%
Milwaukee BrewersJose Valentin
16.2%
St. Louis CardinalsJoaquin Andujar
16.2%
Baltimore OriolesMike Cuellar
16%
Detroit TigersBen Oglivie
16%
Milwaukee BrewersBen Oglivie
16%
Milwaukee BrewersBen Oglivie
16%
New York MetsAngel Pagan
15.7%
Pittsburgh PiratesStarling Marte
15.5%
Arizona DiamondbacksMartin Prado
14.4%
Cincinnati RedsCesar Geronimo
14.2%
San Diego PadresDave Roberts
14.2%
Atlanta BravesTommy Bond
13.9%
Milwaukee BrewersDave Nilsson
13.9%
Tampa Bay RaysJulio Lugo
13.9%
Oakland AthleticsTony Armas
13.7%
Arizona DiamondbacksErubiel Durazo
12.6%
Houston AstrosTerry Puhl
12.6%
Arizona DiamondbacksJean Segura
11.9%
Seattle MarinersMichael Saunders
11.9%
Kansas City RoyalsDanny Tartabull
11.6%
New York YankeesDanny Tartabull
11.6%
Colorado RockiesWilin Rosario
11.3%
Oakland AthleticsGeronimo Berroa
11.3%
Toronto Blue JaysBrett Lawrie
11.1%
Chicago White SoxMiguel Olivo
10.8%
Los Angeles DodgersJuan Samuel
10.8%
Atlanta BravesRico Carty
10.6%
Cleveland IndiansRico Carty
10.6%
Kansas City RoyalsJose Offerman
10.6%
Kansas City RoyalsCookie Rojas
10.6%
Boston Red SoxCarlos Quintana
10.3%
Chicago White SoxJose Quintana
10.3%
Philadelphia PhilliesPancho Herrera
10.3%
Philadelphia PhilliesOdubel Herrera
10.3%
San Francisco GiantsBobby Thomson
10.3%
St. Louis CardinalsTip O'Neill
10.3%
San Diego PadresLuis Salazar
9.5%
Arizona DiamondbacksEnder Inciarte
9.3%
Atlanta BravesGlenn Hubbard
9.3%
Oakland AthleticsGlenn Hubbard
9.3%
Philadelphia PhilliesTony Taylor
9.3%
Philadelphia PhilliesTony Taylor
9.3%
St. Louis CardinalsJulian Javier
9.3%
Colorado RockiesWilly Taveras
9%
Milwaukee BrewersSixto Lezcano
9%
San Diego PadresYonder Alonso
9%
San Diego PadresSixto Lezcano
9%
Houston AstrosLuis Valbuena
8.8%
Miami MarlinsMarcell Ozuna
8.5%
Chicago White SoxJorge Orta
8.2%
Minnesota TwinsCesar Tovar
8.2%
Oakland AthleticsMarco Scutaro
7.5%
Chicago CubsJose Cardenal
6.7%
Cincinnati RedsDolf Luque
6.4%
Pittsburgh PiratesRennie Stennett
6.4%
Tampa Bay RaysRolando Arrojo
5.9%
Pittsburgh PiratesFrancisco Cordova
5.7%
Chicago White SoxPete Ward
5.4%
Houston AstrosTony Eusebio
5.4%
Los Angeles Angels of AnaheimAlberto Callaspo
5.2%
San Francisco GiantsTito Fuentes
5.2%
Detroit TigersJohn Hiller
4.9%
Cleveland IndiansVic Power
4.6%
Oakland AthleticsVic Power
4.6%
New York MetsAlex Trevino
4.4%
New York YankeesGeorge Selkirk
4.4%
Pittsburgh PiratesOrlando Merced
4.4%
New York MetsJuan Lagares
3.6%
Baltimore OriolesLuis Matos
3.4%
Oakland AthleticsElmer Valo
3.4%
Boston Red SoxJuan Beniquez
3.1%
Oakland AthleticsJack Quinn
3.1%
San Francisco GiantsMarvin Benard
3.1%
Kansas City RoyalsCheslor Cuthbert
2.8%
Baltimore OriolesJeff Heath
2.6%
Miami MarlinsAlfredo Amezaga
2.6%
New York YankeesJimmy Austin
2.6%
San Diego PadresCraig Lefferts
2.6%
Atlanta BravesDave Brain
1.8%
Minnesota TwinsEddie Ainsmith
1.8%
Cincinnati RedsLarry McLean
1.5%
Philadelphia PhilliesDutch Ulrich
1.5%
Baltimore OriolesArmando Marsans
1.3%
Boston Red SoxHobe Ferris
1.3%
Cleveland IndiansJack Graney
1.3%
Minnesota TwinsJack Lelivelt
1.3%
Philadelphia PhilliesArthur Irwin
1.3%

You're not logged in!

Compare scores with friends on all Sporcle quizzes.
OR
Log In

You Might Also Like...

Show Comments

Extras

Top Quizzes Today


Score Distribution

Your Account Isn't Verified!

In order to create a playlist on Sporcle, you need to verify the email address you used during registration. Go to your Sporcle Settings to finish the process.

Report this User

Report this user for behavior that violates our Community Guidelines.

Details: